000
00305nam a2200133Ia 4500
008
150301s2015 xx 000 0 und d
082
_a
615
_b
E14P
100
_a
K.K PILLARI
245
_a
EXPERIMENTAL PHARMACOLOGY
260
_b
CBS- DELHI
300
_a
124
650
_a
PHARMACOLOGY
942
_2
ddc
_c
BK
_0
2
999
_c
7147
_d
7147